| 000 -LEADER |
| fixed length control field |
01488nam a22001697a 4500 |
| 020 ## - INTERNATIONAL STANDARD BOOK NUMBER |
| ISBN |
9781787751941 |
| 082 ## - DEWEY DECIMAL CLASSIFICATION NUMBER |
| Classification number |
616.8900867 |
| Item number |
D559 2021 |
| 100 ## - MAIN ENTRY--AUTHOR NAME |
| Personal name |
Dickey, Lore M., PhD, ABPP, author. |
| 245 ## - TITLE STATEMENT |
| Title |
Case studies in clinical practice with trans and gender non-binary clients : a handbook for working with children, adolescents, and adults / Lore M. Dickey, PhD, ABPP ; foreword by Marsha Botzer. |
| 260 ## - PUBLICATION, DISTRIBUTION, ETC. (IMPRINT) |
| Place of publication |
London ; Philadelphia : |
| Name of publisher |
Jessica Kingsley Publishers, |
| Year of publication |
2021. |
| 300 ## - PHYSICAL DESCRIPTION |
| Number of Pages |
1 online resource, 208 pages : |
| Other physical details |
illustrations. |
| 500 ## - GENERAL NOTE |
| General note |
Includes bibliographic references and indexes. |
| 520 ## - SUMMARY, ETC. |
| Summary, etc |
Exploring clinical examples of the lived experiences of trans people across the lifespan, this unique and authoritative book addresses topics such as attending school, puberty, employment issues, suicide, bullying, autism and intersecting identities. Divided into three sections, childhood, adolescence, and adulthood, the book brings the case studies to life and dispels common myths by including short responses from leading professional experts. By enabling a greater knowledge of work with trans people and therefore filling an important gap in available literature, Case Studies in Clinical Practice with Trans and Gender Non-Binary Clients allows mental health providers to understand the nuanced differences of handling clinical concerns for their trans clients |
| 650 ## - SUBJECT ADDED ENTRY--TOPICAL TERM |
| Topical Term |
Psychology -- Psychotherapy |
| 700 ## - ADDED ENTRY--PERSONAL NAME |
| Personal name |
Botzer, Marsha, foreword. |
| 942 ## - ADDED ENTRY ELEMENTS (KOHA) |
| Koha item type |
Electronic Books |